书目信息 |
| 题名: |
新视野大学英语
|
|
| 作者: | 郑树棠 总主编 | |
| 分册: | 2 | |
| 出版信息: | 北京 外语教学与研究出版社 2008 |
|
| 页数: | 211页 | |
| 开本: | 26cm | |
| 丛书名: | ||
| 单 册: | ||
| 中图分类: | H31 , H319.6 | |
| 科图分类: | ||
| 主题词: | 英语--高等学校--习题 , 英语 | |
| 电子资源: | ||
| ISBN: | 978-7-5600-7317-0 | |
| 000 | 00790nam0 2200253 45 | |
| 001 | 1029927898 | |
| 005 | 20100428160756.57 | |
| 010 | @a978-7-5600-7317-0@dCNY18.90 | |
| 100 | @a20100420d2008 em y0chiy0110 ea | |
| 101 | 0 | @achi |
| 102 | @aCN@b110000 | |
| 105 | @ay z 000yy | |
| 106 | @ar | |
| 200 | 1 | @a新视野大学英语@AXin Shi Ye Da Xue Ying Yu@e第二版@EDi Er Ban@e综合训练@EZong He Xun Lian@h2@f郑树棠总主编@FZheng Shu Tang Zong Zhu Bian |
| 210 | @a北京@c外语教学与研究出版社@d2008 | |
| 215 | @a211页@d26cm | |
| 300 | @a普通高等教育“十一五”国家级规划教材 | |
| 606 | 0 | @a英语@x高等学校@j习题 |
| 606 | 0 | @a英语 |
| 690 | @aH31@v4 | |
| 690 | @aH319.6@v4 | |
| 701 | 0 | @a郑树棠@AZheng Shu Tang@4总主编 |
| 801 | 0 | @aCN@bTANGWEI@c20100428 |
| 905 | @b0594408-12@dH31@e1494:2=2@f5 | |
| 新视野大学英语:第二版:综合训练.2/郑树棠总主编.-北京:外语教学与研究出版社,2008 |
| 211页;26cm |
| 普通高等教育“十一五”国家级规划教材 |
| ISBN 978-7-5600-7317-0:CNY18.90 |
| ● |
| 相关链接 |
|
|
|
|
正题名:新视野大学英语
索取号:H31/1494:2=2
 
预约/预借
| 序号 | 登录号 | 条形码 | 馆藏地/架位号 | 状态 | 备注 |
| 1 | 0594408 | 205944086 | 第二样本阅览室/ [索取号:H31/1494:2=2] | 在馆 | |
| 2 | 0594409 | 205944095 | 第四借阅区/ [索取号:H31/1494:2=2] | 在馆 | |
| 3 | 0594410 | 205944102 | 第四借阅区/ [索取号:H31/1494:2=2] | 在馆 | |
| 4 | 0594411 | 205944111 | 第四借阅区/ [索取号:H31/1494:2=2] | 在馆 | |
| 5 | 0594412 | 205944120 | 第四借阅区/ [索取号:H31/1494:2=2] | 在馆 |